Statistiques concernant Les gens au pays - Quiz d'images #2

Cliquez ici pour prendre le quiz!

Statistiques générales

  • Ce quiz a été pris 94 fois
  • Le résultat moyen est 9 sur 16

Statistiques - réponses

Réponse% Correct
Afrique du Sud
97%
France
93%
Brésil
80%
Royaume-Uni
80%
Corée du Sud
76%
Italie
76%
Autriche
74%
Espagne
63%
Suède
43%
Allemagne
41%
Islande
34%
Colombie
29%
Irlande
20%
Zimbabwe
19%
Chili
17%
Canada
9%

Distribution des résultats

Percentile par nombre de réponses

% des personnes avec chaque résultat

Votre développement - résultats

Vous n’avez pas pris ce quiz